000 02073nam a2200385 a 4500
001 2815754
003 BJBSDDR
005 20260331062939.0
007 ta
008 830207s1969 sp h b 000 0 spa
010 _a 82197487
035 _a2815754
040 _aDLC
_cDLC
_dDLC
_bspa
041 _aspa
043 _ae-sp---
050 0 0 _aDP302.C66
_bM527g 1969
082 0 0 _a946/.7
_219
100 1 _aMello, Francisco Manuel de,
_d1608-1666
_947214
245 1 0 _aGuerra de Cataluña /
_cFrancisco Manuel de Melo ; edición, introducción y notas de Joan Estruch.
250 _a1a ed.
260 _aBarcelona :
_bFontamara,
_c1969.
300 _a244 páginas :
_c19 cm.
336 _atext
_btxt
_2rdacontent
337 _aunmediated
_bn
_2rdamedia
338 _avolume
_bnc
_2rdacarrier
504 _aBibliography: p. 27-28.
520 _aEl libro se centra principalmente en: El origen del conflicto: Describe el ambiente de tensión en Cataluña debido a los abusos cometidos por las tropas reales (alojamientos militares) y las políticas del Conde-Duque de Olivares. El "Corpus de Sangre": Relata detalladamente la rebelión popular del 7 de junio de 1640 en Barcelona, que culminó con el asesinato del virrey, el conde de Santa Coloma. Primer año de guerra (1640-1641): La narración cubre el desarrollo de las campañas militares iniciales y los movimientos políticos que llevaron a Cataluña a separarse temporalmente de la Monarquía Hispánica para buscar la protección de Francia. Perspectiva del autor: Al ser Francisco Manuel de Melo un militar que participó en el bando real antes de la independencia de Portugal, el texto ofrece un testimonio directo y analítico sobre la política militar de la época.
650 0 _aColección Celestino del Arenal (CCA)
_915749
651 0 _aCatalonia (Spain)
_xHistory.
651 0 _aSpain
_xHistory
_yPhilip IV, 1621-1665.
906 _a7
_bcbc
_corignew
_d2
_encip
_f19
_gy-gencatlg
942 _2lcc
_n0
_cBK
946 _irmza
999 _c126465
_d126465